|
|
|
|
| LEADER |
01925nam a22003492a 4500 |
| 001 |
000125657 |
| 003 |
CZ BrMZK |
| 005 |
20150427121212.0 |
| 007 |
ta |
| 008 |
950101s1979 xr f cze d |
| 015 |
|
|
|a cnb000139987
|
| 035 |
|
|
|a (OCoLC)40079142
|
| 040 |
|
|
|a ABA001
|b cze
|c ABA001
|d ABA001
|
| 080 |
9 |
|
|a 612.017
|
| 100 |
1 |
|
|a Holub, Miroslav,
|d 1923-1998
|7 jk01041818
|4 aut
|
| 245 |
1 |
0 |
|a Struktura imunitního systému /
|c Miroslav Holub. Infekční choroby v těhotenství / Jiří Vaništa, Jana Lasovská
|
| 250 |
|
|
|a 1. vyd.
|
| 260 |
|
|
|a Praha :
|b Avicenum,
|c 1979
|
| 300 |
|
|
|a 99, [1] s. :
|b obr. ;
|c 8°
|
| 490 |
1 |
|
|a Novinky v medicíně ;
|v sv. 18
|
| 500 |
|
|
|a 8000 výt.
|
| 520 |
2 |
|
|a V příspěvku ke stanovení hlavních rysů struktury imunitního systému vysvětluje autor pojem lymfoidní buňky, vznik a vztahy lymfoidních buněk. Pojednává o agocytárních soustavách a zpracování antigenů, o cytologii a funkcilymfoidních buněk, zejména o dynamické síti interakcí mezi jednotkami imunitního systému.
|
| 520 |
|
|
|a Autoři upozorňují na zvláštnosti klinického obrazu infekčních nemocí v těhotenství a sledují vliv infekčního onemocnění na průběh těhotenství a vývoj plodu. Zabývají se problematikou nejčastěji se vyskytujících infekčních onemocnění v těhotenství, zvláštnostmi jejich léčby a očkováním těhotných žen.
|
| 500 |
|
|
|a Dostupné též v digitální podobě v aplikaci Kramerius
|
| 700 |
1 |
|
|a Vaništa, Jiří,
|d 1934-
|7 jk01141581
|
| 700 |
1 |
2 |
|a Lasovská, Jana
|7 xx0079146
|
| 830 |
|
0 |
|a Novinky v medicíně (Avicenum)
|0 s
|
| 856 |
4 |
1 |
|u http://www.digitalniknihovna.cz/mzk/uuid/uuid:23dfd510-be9e-11e5-b5dc-005056827e51
|y Digitalizovaný dokument
|x NDK
|
| 910 |
|
|
|a BOA001
|b 2-0807.586
|
| 990 |
|
|
|a BK
|
| 991 |
|
|
|b 201108
|
| 996 |
6 |
|
|b 2619971865
|c 2-0807.586
|l MZK
|r Sklad / do 1 hodiny
|n 8
|w 000125657
|u 000010
|a 1
|e BOA001
|j MZK50
|s P
|